000 03163nam a22003014a 4500
003 BOLpUSFA
005 20260416152626.0
008 t bo grm 001 | spa||
040 _aBOLpUSFA
041 _aspa
044 _aBO
082 _aADM0020
_bM839e PG
100 _aMorel, Sonia Betiana
245 _aEstudio de factibilidad para la creación de una Guardería Infantil con Servicio Integral, incluyendo atención diurna y nocturna en el área urbana del Municipio de Tupiza
260 _aTupiza:
_bUniversidad Privada San Francisco de Asís. Carrera de Administración de Empresas,
_c2025
300 _a254 p.
502 _aModalidad: Proyecto de Grado - Tutora: Lic. Cenia López Rojas
520 _aEl presente proyecto de investigación tiene como objetivo determinar la factibilidad para la creación de una guardería infantil integral, con atención diurna y nocturna, en el área urbana del municipio de Tupiza, respondiendo a una creciente demanda de servicios de cuidado infantil adaptados a las dinámicas laborales contemporáneas. Para ello, se empleó un enfoque mixto, combinando métodos cuantitativos y cualitativos, con un diseño no experimental transversal. Se aplicaron encuestas a una muestra aleatorio simple de 378 madres, padres y tutores de niños menores de 7 años, complementadas con entrevistas a actores clave del sector. Los resultados revelan que el 87% de los encuestados manifiesta una alta aceptación y disposición a utilizar el servicio nocturno, cuya franja horaria más demandada es entre las 18:00 y 22:00. El estudio financiero proyecta una inversión inicial de Bs 55.743,00 con costos operativos mensuales aproximados de Bs 12.595,75 y una estructura tarifaria que oscila entre Bs 600 y Bs 700 mensuales según paquete de servicio. La proyección de ingresos anuales supera los Bs 246.600,00 con una utilidad neta estimada de Bs 48.638,99 en el primer año, y un punto de equilibrio con solo 30 niños inscritos. Indicadores financieros como VAN positivo (Bs 107.265,06) y TIR del 96% evidencian la rentabilidad y viabilidad económica del proyecto, que además aporta soluciones de bienestar social y desarrollo infantil integral. En conclusión, la creación de esta guardería representa una oportunidad innovadora y necesaria para promover la conciliación laboral y familiar en Tupiza, contribuyendo al desarrollo sostenible y la inclusión social en la comunidad. Los resultados de esta investigación proporcionarán una base sólida para la toma de decisiones sobre la implementación de la guardería, contribuyendo así al bienestar de las familias de Tupiza y al desarrollo de un entorno más inclusivo y accesible para todos.
650 _aAdministración de Empresas
650 _aProyecto de Grado
650 _aEstudio de factibilidad
650 _aGuarderías
650 _aEducación parvularia
650 _aEducación preescolar
651 _aPotosí
651 _aTupiza
942 _2ddc
_cTE
_zLLO
999 _c9707
_d9707